Score 0/29 Timer 10:00
0 Plays Today
Answer Who, What or Where? % Correct
Who wears the shark helmet?Sam
90.6%
What is the name of the restaurant they spend a lot of time in?Shore Shack
85.9%
Where does Sam move from?Kansas
79.7%
What town do the kids live in?Ocean Shores
75%
Who wears the green pants?Reggie
68.8%
I have a yellow rocket on my shirt?Reggie
68.8%
I work at the Shore Shack?Tito
60.9%
What do Sam and Twister eat at the country club?Tripe
51.6%
Who falls in to the Cement at the skate park?Twister
48.4%
You'd get called Lil' Cuz by who?Tito
48.4%
What is the skate park the kids go to?MadTown
46.9%
If you get called a Shoobie what are you wearing?Socks and Sandals
42.2%
What color(s) is Twister's hat?Brown and Yellow
39.1%
What is Twisters Cousin's name?Little Scotty
37.5%
What is on Sam's Shirt? N
32.8%
Answer Who, What or Where? % Correct
Twister never leaves the house with this?Camera
31.3%
What does Twister win for his Cousin at the Peir?Spider ring
29.7%
Who does Ray have a crush on?Officer Shirley
28.1%
Who is Pi?Lars' friend
26.6%
Who is a teacher and the guy who works at the skate park?Conroy Blanc
25%
Who has the house mailbox?The Stimpletons
25%
I'm the one that Otto falls in love with?Clio
14.1%
Who is Eddie?King of the Netherworld
9.4%
Otto's helmet has what design?White stripes
7.8%
Who won the sand castle competition?Mykenzie
6.3%
What do Violet and Reggie do together?Down Hill derby
4.7%
What does Tito have on his on his surfboard?Green Flowers
4.7%
What does Tito say when the kids need advice?Aincent Hawaiian Sayings
1.6%
What happens to the basement in the Rocket's house?Basement floods
1.6%
Remove Ads.
Support Sporcle.
Get the best of Sporcle when you Go Orange. This ad-free experience offers more features, more stats, and more fun while also helping to support Sporcle. Thank you for becoming a member.

You're not logged in!

Compare scores with friends on all Sporcle quizzes.
OR
Log In

Show Comments

Extras

Created Jul 29, 2012ReportNominate
Tags:Nickelodeon, Rocket Power

Top Quizzes Today


Score Distribution

Your Account Isn't Verified!

In order to create a playlist on Sporcle, you need to verify the email address you used during registration. Go to your Sporcle Settings to finish the process.

Report this User

Report this user for behavior that violates our Community Guidelines.

Details: